Evêques de France - Statistiques

Statistiques générales
  • Ce quiz a été pris 11 fois
  • Le résultat moyen est 30 sur 116
Statistiques - réponses
Diocèse Eveque % Correct
Ajaccio François-Xavier Bustillo
80%
Marseille Jean-Marc Aveline
80%
Paris Laurent Ulrich
80%
Dijon Antoine Hérouard
60%
Reims Eric de Moulins-Beaufort
60%
Fréjus-Toulon François Touvet
60%
Bordeaux et Bazas Jean-Paul James
60%
Bayonne, Lescar et Oloron Marc Aillet
60%
Rennes, Dol et Saint-Malo Pierre d'Ornellas
60%
Autun, Chalon et Mâcon Benoît Rivière
40%
Carcassonne et Narbonne Bruno Valentin
40%
Aix-en-Provence et Arles Christian Delarbre
40%
Digne-les-Bains, Riez et Sisteron Emmanuel Gobilliard
40%
Valence, Die et Saint-Paul-Trois-Châteaux François Durand
40%
Avignon François Fonlupt
40%
Toulouse, Comminges et Rieux Guy de Kerimel
40%
Orléans Jacques Blaquart
40%
Le Havre Jean-Luc Brunin
40%
Grenoble-Vienne Jean-Marc Eychenne
40%
Bordeaux et Bazas (auxiliaire) Jean-Marie Le Vert
40%
Nice Jean-Philippe Nault
40%
Lille Laurent Le Boulc'h
40%
Nantes Laurent Percerou
40%
Nanterre Matthieu Rougé
40%
Lyon Olivier de Germay
40%
Arras, Boulogne sur Mer et Saint Omer Olivier Leborgne
40%
Sens-Auxerre Pascal Wintzer
40%
Lyon (auxiliaire) Patrick Le Gal
40%
La Rochelle et Saintes (coadjuteur) | Limoges (-2025) Pierre-Antoine Bozo
40%
Soissons, Laon et Saint-Quentin Renauld de Dinechin
40%
Lyon (auxiliaire) Thierry Brac de La Perrière
40%
Gap et Embrun Xavier Malle
40%
Annecy Yves Le Saux
40%
Montauban Alain Guellec
20%
Troyes Alexandre Joly
20%
Armées françaises Antoine de Romanet
20%
Pontoise Benoît Bertrand
20%
Auch, Condom, Lectoure et Lombez Bertrand Lacombe
20%
Séez Bruno Feillet
20%
Strasbourg (auxiliaire) Christian Kratz
20%
Saint-Pierre et Fort-de-France David Macaire
20%
Belfort-Montbéliard Denis Jachiet
20%
Saint-Brieuc et Tréguier Denis Moutel
20%
Saint-Flour Didier Noblot
20%
Créteil | Mission de France Dominique Blanchet
20%
Rouen Dominique Lebrun
20%
Paris (auxiliaire) Emmanuel Tois
20%
Tulle Éric Bidot
20%
Saint-Denis Étienne Guillet
20%
Reims (auxiliaire) Étienne Vető
20%
Châlons-en-Champagne Franck Javary
20%
Saint-Dié François Gourdon
20%
La Rochelle et Saintes (administrateur apostolique) | Luçon François Jacolin
20%
Clermont François Kalist
20%
La Rochelle et Saintes Georges Colomb
20%
Amiens Gérard Le Stang
20%
Coutances et Avranches Grégoire Cador
20%
Nevers Grégoire Drouot
20%
Meaux (auxiliaire) Guillaume Leschallier de Lisle
20%
Viviers Hervé Giraud
20%
Angoulême Hervé Gosselin
20%
Beauvais, Noyon et Senlis Jacques Benoit-Gonnin
20%
Bayeux et Lisieux Jacques Habert
20%
Rennes, Dol et Saint-Malo (auxiliaire) Jean Bondu
20%
Besançon Jean-Luc Bouilleret
20%
Tarbes et Lourdes Jean-Marc Micas
20%
Verdun Jean-Paul Gusching
20%
Mende Jean Pelletier
20%
Toulouse, Comminges et Rieux (auxiliaire) Jean-Pierre Batut
20%
Papeete Jean-Pierre Cottanceau
20%
Le Mans Jean-Pierre Vuillemin
20%
Meaux Jean-Yves Nahmias
20%
Bourges (-2025) | Poitiers Jérôme Beau
20%
Langres Joseph de Metz-Noblat
20%
Cahors Laurent Camiade
20%
Lyon (auxiliaire) Loïc Lagadec
20%
Versailles Luc Crepy
20%
Rodez et Vabres Luc Meyer
20%
Laval Matthieu Dupont
20%
Évry-Corbeil-Essonnes Michel Pansard
20%
Nîmes, Uzès et Alès Nicolas Brouwet
20%
Aire et Dax Nicolas Souchu
20%
Montpellier, Lodève, Béziers, Agde et Saint-Pons-de-Thomières Norbert Turini
20%
Évreux Olivier de Cagny
20%
Saint-Denis de La Réunion Pascal Chane-Teng
20%
Taiohae Pascal Chang-Soi
20%
Strasbourg Pascal Delannoy
20%
Belley-Ars Pascal Roland
20%
Metz Philippe Ballot
20%
Chartres Philippe Christory
20%
Basse-Terre et Pointe-à-Pitre Philippe Guiougou
20%
Paris (auxiliaire) Philippe Marsset
20%
Périgueux et Sarlat Philippe Mousset
20%
Nancy-Toul Pierre-Yves Michel
20%
Vannes Raymond Centène
20%
Saint-Étienne Sylvain Bataille
20%
Chambéry, Maurienne et Tarentaise Thibault Verny
20%
Perpignan-Elne Thierry Scherrer
20%
Cambrai Vincent Dollmann
20%
Tours Vincent Jordy
20%
Le Puy-en-Velay Yves Baumgarten
20%
Cayenne Alain Ransay
0%
Pamiers, Couserans et Mirepoix Benoît Gschwind
0%
Angers Emmanuel Delmas
0%
Blois Francis Bestion
0%
Agen Hubert Herbreteau
0%
Albi, Castres et Lavaur Jean-Louis Balsa
0%
Saint-Claude Jean-Luc Garin
0%
Quimper, Cornouailles et Léon Laurent Dognin
0%
Moulins Marc Beaumont
0%
Nouméa | Wallis-et-Futuna (-2025) Susitino Sionepoe
0%
Aucun quiz correspondant
Distribution des résultats
% des personnes avec chaque résultat
Percentile par nombre de réponses
Votre historique - résultats
Vous n’avez pas pris ce quiz